Filmy MCU - Statystyki

Ogólne statystyki
  • Ten quiz został rozwiązany 312 razy
  • Średni wynik to 15 z 23
Statystyki odpowiedzi
Hint Odpowiedź % Poprawnych
milioner tworzy strój w którym jest praktycznie niezniszczalny iron man
100%
następca tronu w Asgardzie zostaje zesłany na ziemię thor
87%
super bohaterowie łączą się w jedną dryżynę by walczyć z Lokim avengers
80%
milioner walczy z Ivanem Vanko który wybudował własną broń na podstawie projektów Starka iron man 2
80%
milioner walczy z grupą terrorystyczną prowadzoną przez Mandaryna iron man 3
78%
Scott Lang dostaje kombinezon dzięki któremu może się zmiejszać ant man
77%
Peter Quill sprzymierza się z Gamorą, Drax i Rocketem by pokonać Ronana strażnicy galaktyki
74%
grupa bohaterów walczy z robotem Ultronem avengers czas ultrona
73%
super żołnierz walczy ze swoim dawnym przyjacielem Buckym Barnsem kapitan ameryka zimowy żołnierz
70%
Stephen Strange miał wypadeki i odkrywa świat magii doktor strange
67%
T'Challa powraca do Wakandy aby objąć tron po zmarłym ojcu czarna pantera
65%
iron man i super żołnierz wraz innymi bohaterami staja przeciwko sobie do pojedynku kapitan ameryka wojna bohaterów
64%
następca tronu sprzymierza się z lokim by powstrzymać elfów którzy chcą pogrążyć świat thor mroczny świat
62%
Super żołnierz walczy ze swoim wrogiem Red skullem kapitan ameryka pierwsze starcie
61%
człowiek bóg musi zawalczyć z Hulkiem na planecie Saakar thor ragnarok
59%
człowiek pająk walczy z złoczyńcą Vulturem spider man homecoming
57%
grupa bohaterów z kosmosu poznaje tajemnice ojca Petera Quilla strażnicy galaktyki vol.2
56%
wszyscy bohaterowie się jednoczą aby pokonać tytana Thanosa avengers wojna bez granic
51%
Scott Lang sprzymierza się z Hope Van Dyne aby odszukać jej matkę ant man i osa
50%
Najsilniejsza bohaterka walczy z inną rasą która atakuje ziemię kapitan marvel
49%
naukowiec zostaje napromieniowany i staje sie zielonym potworem incredible hulk
48%
drużyna bohaterów chce odwrócić zagłądę ludzkości avengers koniec gry
46%
Peter Parker wraz z przyjaciółmi wyrusza w podróż do Europy gdzie musi zmierzyć sie ze złem spider man daleko od domu
38%
Nie znaleziono quizów pasujących do podanych kryteriów
Rozkład punktacji
Procent ludzi z każdym wynikiem
Percentyl według liczby udzielonych odpowiedzi
Twoja historia wyników
Nie rozwiązałeś tego quizu